000
00253nam a2200097Ia 4500
001
644262
005
20250826153601.0
008
250824s9999 xx 000 0 und d
245
0
_a
SEFİLLER GENÇLİK KLASİKLERİ
_c
VICTOR HUGO
260
_b
TİMAŞ ÇOCUK
999
_c
644262
_d
644262